000 00353nam a22001217a 4500
999 _c11458
_d11458
008 160709b xxu||||| |||| 00| 0 eng d
020 _a9976924135
041 _aSwahili
050 _aPL8702 .O48 1991
100 _aOluoch, Meshack Nyangori
245 _aMadhara ya kuchanganyikiwa /
_cMeshack Nyangori Oluoch
260 _aNairobi :
_bAfrica Herald Publishing House,
_c1991.
300 _a93p. ;
_c16cm.
942 _2lcc
_cSH_L_BOOKS